| 000 | 01077nam a22003257i 4500 | ||
|---|---|---|---|
| 003 | URS | ||
| 005 | 20240709001510.0 | ||
| 008 | 200304t2019 ph ||||| |||| 00| 0 eng d | ||
| 020 | _a9789719811022 | ||
| 040 |
_beng _erda _cDLC _aDLC _dDLC _dURS |
||
| 082 |
_a420 _bAm1p 2019 |
||
| 100 | _aAmbida, Roger S. | ||
| 245 |
_aPurposive communication/ _cRoger S. Ambida, Josephine P. Galicha and Richard L. Oandasan. |
||
| 264 | 1 |
_aQuezon City: _bC&E Publishing, Incorporated, _c[2019] |
|
| 300 |
_axi, 297 pages: _billustrations; _c22 cm |
||
| 336 |
_atext _btxt _2rdacontent |
||
| 337 |
_aunmediated _bn _2rdamedia |
||
| 338 |
_avolume _bnc _2rdacarrier |
||
| 504 | _aIncludes bibliographical references (pages 295-296) and index. | ||
| 650 | 0 | _aCommunication | |
| 650 | 0 | _aCommunication skills | |
| 650 | 0 | _aProfessional communication | |
| 650 | 0 | _aInterpersonal communication | |
| 650 | 0 | _aBusiness communication | |
| 650 | 0 | _aTechnical communication | |
| 650 | 0 | _aPublic speaking | |
| 700 | _aGalicha, Josephine P. | ||
| 700 | _aOandasan, Richard L. | ||
| 942 |
_2ddc _cF |
||
| 999 |
_c8764 _d8764 |
||